000 00760nam a2200229Ia 4500
008 130821s2003 ag gr spa
020 _a9501267571
040 _aCo-BoUCM
_bspa
041 0 0 _aspa
100 1 _aArendt, Hannah
_d1906-1975
_932135
245 1 0 _aConferencias sobre la filosofía política de Kant
_cHannah Arendt ; traducción Carmen Corral.
260 _aBuenos Aires (Argentina)
_bPaidós
_c2003
300 _a270 páginas
490 0 _aStudio
650 0 4 _aFilosofía moderna
_915835
650 0 4 _aFilosofía política
_915841
650 0 4 _aFilosofía
_975
700 1 _aCorral, Carmen
_9127066
765 _tLectures on Kant's political philosophy
942 _cLIBRO
_a2
_e1
_mA681c
_2DEWEY
_h190
_n0
999 _c37158
_d37158